| 000 | 00552nam a22002057a 4500 | ||
|---|---|---|---|
| 003 | OSt | ||
| 005 | 20150414152928.0 | ||
| 008 | 150414b xxu||||| |||| 00| 0 eng d | ||
| 020 | _a0802081398 | ||
| 040 | _cDDC | ||
| 082 |
_222nd ed. _a001.42 PRA 2000 |
||
| 100 |
_aEdited by Weingart Peter _93793 |
||
| 245 | _aPractising interdisciplinarity / | ||
| 260 |
_aToronto; _bUniversity Press, _c2000 |
||
| 300 |
_axvi,294p; _bill: _c23cm |
||
| 504 | _aReferences included | ||
| 650 |
_aResearch _93727 |
||
| 700 |
_aStehr, Nico _93794 |
||
| 942 |
_2z _cO_SHELF |
||
| 999 |
_c1435 _d1435 |
||